书目信息 |
| 题名: |
市政基础设施工程竣工验收
|
|
| 作者: | 汪敏玲 主编 | |
| 分册: | ||
| 出版信息: | 北京 中国建筑工业出版社 2008 |
|
| 页数: | 201页 | |
| 开本: | 21cm | |
| 丛书名: | ||
| 单 册: | ||
| 中图分类: | TU99 | |
| 科图分类: | ||
| 主题词: | 市政工程--shi zheng gong cheng--工程验收--基本知识 , 市政工程--shi zheng gong cheng , 工程验收--gong cheng yan shou | |
| 电子资源: | ||
| ISBN: | 978-7-112-09704-3 | |
| 000 | 01041nam0 2200241 450 | |
| 001 | 0100000771 | |
| 005 | 20191105091855.11 | |
| 010 | @a978-7-112-09704-3@dCNY18.00 | |
| 100 | @a20090303d2008 em y0chiy50 ea | |
| 101 | 0 | @achi |
| 102 | @aCN@b110000 | |
| 105 | @ak z 000yy | |
| 200 | 1 | @a市政基础设施工程竣工验收@Ashi zheng ji chu she shi gong cheng jun gong yan shou@f汪敏玲主编 |
| 210 | @a北京@c中国建筑工业出版社@d2008 | |
| 215 | @a201页@d21cm | |
| 330 | @a本书按照市政工程施工的有关条例、规章和规定,把部级文件的内容做了详细分解;指出了建设工程竣工验收及备案应做哪些工作,以讲义的形式讲清了各种报告、各种质量“合格文件”、各种表格应如何编写,同时对工程竣工验收及备案的各项工作的程度和深度,做了比较符合实际的阐述。 | |
| 606 | 0 | @a市政工程@Ashi zheng gong cheng@x工程验收@x基本知识 |
| 606 | 0 | @a市政工程@Ashi zheng gong cheng |
| 606 | 0 | @a工程验收@Agong cheng yan shou |
| 690 | @aTU99@v4 | |
| 701 | 0 | @a汪敏玲@Awang min ling@c(市政工程)@4主编 |
| 801 | 0 | @aCN@d20081030@c20090301 |
| 905 | @b20803454-56@dTU99@eW063@fTU99/W063 | |
| 市政基础设施工程竣工验收/汪敏玲主编.-北京:中国建筑工业出版社,2008 |
| 201页;21cm |
| ISBN 978-7-112-09704-3:CNY18.00 |
| 本书按照市政工程施工的有关条例、规章和规定,把部级文件的内容做了详细分解;指出了建设工程竣工验收及备案应做哪些工作,以讲义的形式讲清了各种报告、各种质量“合格文件”、各种表格应如何编写,同时对工程竣工验收及备案的各项工作的程度和深度,做了比较符合实际的阐述。 |
| ● |
| 相关链接 |
|
|
|
正题名:市政基础设施工程竣工验收
索取号:TU99/W063
 
预约/预借
| 序号 | 登录号 | 条形码 | 馆藏地/架位号 | 状态 | 备注 |
| 1 | 1232521 | 212325214 | 建筑库201/201建筑库 122排2列3层/ [索取号:TU99/W063] | 在馆 | |
| 2 | 1232522 | 212325223 | 建筑库201/201建筑库 122排2列3层/ [索取号:TU99/W063] | 在馆 | |
| 3 | 1232523 | 212325232 | 建筑库201/201建筑库 122排2列3层/ [索取号:TU99/W063] | 在馆 | |
| 4 | 1232524 | 212325241 | 建筑库201/201建筑库 122排2列3层/ [索取号:TU99/W063] | 在馆 | |
| 5 | 1232525 | 212325250 | 建筑库201/201建筑库 122排2列3层/ [索取号:TU99/W063] | 在馆 | |
| 6 | 803454 | 208034544 | 建筑库201/201建筑库 125排1列4层/ [索取号:TU99/W063] | 在馆 | |
| 7 | 803455 | 208034553 | 建筑库201/201建筑库 122排2列3层/ [索取号:TU99/W063] | 在馆 | |
| 8 | 803456 | 208034562 | 建筑库201/201建筑库 122排2列3层/ [索取号:TU99/W063] | 在馆 |